000 00459pab a2200169 454500
008 180718b1995 xxu||||| |||| 00| 0 eng d
100 _aSchuler, Sidney Ruth
245 _aFamily planning outreach and credit programs in rural Bangladesh
260 _c1995
300 _ap.455-61
362 _aWinter
650 _aBirth control - Bangladesh
650 _aFamily planning
700 _aHashemi, Syed M.
773 _aHuman Organization
909 _a30133
999 _c30133
_d30133